Statistics for Sportsball! (picture quiz)

Click here to take the quiz!

General Stats

  • This quiz has been taken 83 times
  • The average score is 17 of 31

Answer Stats

Answer % Correct
Soccer
100%
Basketball
99%
American Football
97%
Volleyball
97%
Baseball
92%
Tennis
92%
Rugby
91%
Golf
90%
Bowling
88%
Water Polo
77%
Pool / Billiards
77%
Softball
71%
Ping Pong
69%
Team Handball
69%
Field Hockey
65%
Australian Football
60%
Polo
58%
Croquet
53%
Cricket
47%
Netball
36%
Wiffle Ball
33%
Racquetball
33%
Shot Put
32%
Bocce
27%
Petanque
23%
Squash
21%
Lawn Bowling
10%
Korfball
10%
Lacrosse
10%
Pickleball
6%
Jai Alai
4%

Score Distribution

Percentile by Number Answered

Percent of People with Each Score

Your Score History

You have not taken this quiz